Thế giới nghệ thuật truyện ngắn Sương Nguyệt Minh

Chương 1: Nhà văn Sương Nguyệt Minh - quan niệm về văn chương và hành trình sáng tạo nghệ thuật ...Chương 2: thế giới nghệ thuật truyên ngắn Sương Nguyệt Minh -cảm quan về hiện thực và con người...Chương 3: Thế giới nghệ thuật truyện ngắn Sương Nguyệt Minh -Nhìn từ bình diện phương thức thể hiện......

Descripció completa

Guardat en:
Dades bibliogràfiques
Autor principal: Phan Thị Bích Ngọc
Altres autors: Nguyễn Thành Người hướng dẫn khoa học (TS)
Format: Llibre
Idioma:Vietnamese
Publicat: Đà Nẵng Đại học Đà Nẵng 2010
Matèries:
Etiquetes: Afegir etiqueta
Sense etiquetes, Sigues el primer a etiquetar aquest registre!
Thư viện lưu trữ: Mạng thư viện Đại học Đà Nẵng
LEADER 01788nam a2200361 4500
001 000010587
003 6793
005 20111216151253.0
008 111215s2010 viesd
041 |a vie 
072 |a Luận văn thạc sĩ khoa học xã hội và nhân văn 
082 |a 895.9223  |b PH-N 
100 1 |a Phan Thị Bích Ngọc 
245 1 |a Thế giới nghệ thuật truyện ngắn Sương Nguyệt Minh  |c Phan Thị Bích Ngọc 
260 |a Đà Nẵng  |b Đại học Đà Nẵng  |c 2010 
300 |a 87 tr  |c 29 cm 
500 |a Luận văn thạc sĩ khoa học xã hội và nhân văn. Chuyên ngành: Văn học Việt Nam. Mã số: 60.2234 
520 |a Chương 1: Nhà văn Sương Nguyệt Minh - quan niệm về văn chương và hành trình sáng tạo nghệ thuật ...Chương 2: thế giới nghệ thuật truyên ngắn Sương Nguyệt Minh -cảm quan về hiện thực và con người...Chương 3: Thế giới nghệ thuật truyện ngắn Sương Nguyệt Minh -Nhìn từ bình diện phương thức thể hiện... 
653 |a Sương Nguyệt Minh 
653 |a văn nghệ quân đội 
653 |a truyện ngắn 
653 |a truyện ngắn Việt Nam đương đại 
700 |a Nguyễn Thành  |c Người hướng dẫn khoa học  |e TS 
OWN |a LSP 
AVA |a UDN50  |b LSP  |d 895.9223 PH-N  |e available  |t Error 5001 Not defined in file expand_doc_bib_avail.  |f 1  |g 0  |h N  |i 0  |k 1 
999 |a From the UDN01 
AVA |a UDN50  |b LSP  |d 895.9223 PH-N  |e available  |t Error 5001 Not defined in file expand_doc_bib_avail.  |f 1  |g 0  |h N  |i 0  |k 1 
TYP |a Monograph 
TYP |a Printed language 
980 |a Mạng thư viện Đại học Đà Nẵng